Resident Evil : Extinction

Bibliographic Details
Main Author: DeCandido, Keith R.A
Format: Book
Published: New York : Pocket Book Star , 2007
Subjects:

MARC

LEADER 00000cam a2200000 7i4500
001 0000025150
005 20090212.0
008 090212
020 |a 1416544984 
090 0 0 |a DEC   |b ENG 
100 0 |a DeCandido, Keith R.A. 
245 1 0 |a Resident Evil :   |b Extinction   |c Keith R.A.DeCandido 
260 |a New York :   |b Pocket Book Star ,   |c 2007 
650 0 |a English Fiction 
999 |a 0001037685   |b Book   |c Adult Collection   |e Perbadanan Perpustakaan Awam Johor 
999 |a 0001037686   |b Book   |c Adult Collection   |e Perbadanan Perpustakaan Awam Johor 
999 |a 0001037687   |b Book   |c Acts   |e Perbadanan Perpustakaan Awam Johor